02676cam a22003738i 450000100090000000300040000900500170001300800410003001000170007102000300008802000190011802000270013704000230016404200080018704300120019505000240020708200190023110000340025024500950028425000110037926300090039026400340039930000150043333600260044833700280047433800270050250400510052950502450058052012370082565000290206265000450209165000250213677601410216121128599OSt20230916150101.0190812s2019 nyu b 001 0 eng  a 2019033857 a9780367352714q(hardback) a 9780367510084 z9780429331602q(ebook) aDLCbengerdacDLC apcc aa-ii---00aPE3502.I6bA93 201900a427.954bAUD/I1 aAuddy, Ranjan Kumar,eauthor.10aIn search of Indian English :bhistory, politics and indigenisation /cRanjan Kumar Auddy. aFirst. a1911 1aNew York :bRoutledge,c2019. a210 pages  atextbtxt2rdacontent aunmediatedbn2rdamedia avolumebnc2rdacarrier aIncludes bibliographical references and index.0 a1. Introduction -- 2. A Historical Background -- 3. Articles, Letters and a Diary -- 4. Four Works of Fiction -- 5. Speeches Philosophical -- 6. Speeches Political -- 7. Two Letters and a Manifesto -- 8. Conclusion -- Bibliography -- Index. a"This book presents a historical account of the development of an acrolectal variety of the English language in colonial India. It highlights the phenomenon of Indianisation of the English language and its significance in the articulation of the Indian identity in pre-Independence India. This volume also discusses the socio-cultural milieu in which English became the first choice for writers and political leaders. Using examples primarily from the writings of Rammohan Roy, Bankimchandra, Krupabai Satthianadhan and Gandhi and from the speeches of Vivekananda, Tagore and Subhas Bose, this book argues that prose written in English in the nineteenth and the early twentieth century scripted a nationalist discourse through its appropriation of the coloniser's language. It also examines how these works, which absorbed elements of Indian culture and languages, paved the path for the emergence of Indian English as a distinct dialect of the English language. This book will be useful for teachers, scholars and students of English literature, linguistics, and cultural studies. It will also be of use to general readers interested in the history of the English language and the history of modern India"--cProvided by publisher. 0aEnglish languagezIndia. 0aEnglish languagexSocial aspectszIndia. 0aBilingualismzIndia.08iOnline version:aAuddy, Ranjan Kumar,tIn search of Indian EnglishbFirst.dNew York : Routledge, 2019.z9780429331602w(DLC) 2019033858